01699cam a2200325 a 450000100060000000300080000600500170001400800410003103500190007204000370009104100080012808200240013611001050016024503940026526000400065930000360069949000750073550000790081050400360088965000250092570000250095070000370097570000380101270000320105070000330108283000810111594200120119699900170120895201480122531682BD-RjUL20211209051732.0140327s1963 enkabf 001 0 eng d a(BD-RjUL)31770 aYMMcYMMdTQGdUKMdBD-RjULbeng aeng00a909bINH V-2 Pt.1  aInternational Commission for a History of the Scientific and Cultural Development of Mankind.99628310aHistory of Mankind :bCultural and Scientific Development /cby International Commission for a History of the Scientific and Cultural Development of Mankind ; Luigi Pareti ; Assisted by Paolo Brezzi and Luciano Petech ; translated from the Italian by Guy E.F. Chilver and Sylvia Chilver.nVolume II :pThe Ancient World, 1200 BC to AD 500.nPart One :pfrom about 1200 BC to about 500 BC. aLondon :bAllen and Unwin,cc1965 . axxxiv, 313 p. :bill. ;c25 cm.1 aHistory of mankind; cultural and scientific development ;vV-2, Part 1 a"prepared under the auspices and with Financial Assistance of the UNESCO"  aIncludes Bibliographical notes. 0aWorld History9853471 aPareti, Luigi9964131 aBrezzi, Paolo , Jt. auth.9964141 aPetech, Liciano, Jt. auth.9964151 aChilver, E. F. , tr.9964161 aChilver, Sylvia , tr.996417 0aHistory of mankind; cultural and scientific development ; V-2, Part 1996507 2ddccBK c31682d31682 00102ddc40718NFICaRUCLbRUCLcReadingd1964-08-27eZeittlingerg126.00l0o909 INH V-2 Pt.1 1965r2014-04-21 00:00:00tC-1w2021-12-09yBK